Elias English-Arabic Arabic-English dictionary / (Record no. 179774)
[ view plain ]
| 000 -LEADER | |
|---|---|
| fixed length control field | 00666nam a22001937a 4500 |
| 005 - DATE AND TIME OF LATEST TRANSACTION | |
| control field | 20210716101106.0 |
| 010 ## - LCCN (DPL NO) | |
| LC control number | B-740592 |
| 020 ## - INTERNATIONAL STANDARD BOOK NUMBER | |
| International Standard Book Number | 9788186264966 |
| Terms of availability | 495.00 |
| 035 ## - SYSTEM CONTROL NUMBER | |
| System control number | B-740592 |
| 037 ## - SOURCE OF ACQUISITION | |
| Source of stock number/acquisition | Gift |
| 082 ## - DEWEY DECIMAL CLASSIFICATION NUMBER | |
| Classification number | 492.7 |
| 100 ## - MAIN ENTRY--PERSONAL NAME | |
| Personal name | Elias, Elias A. |
| 245 ## - TITLE STATEMENT | |
| Title | Elias English-Arabic Arabic-English dictionary / |
| Statement of responsibility, etc | by Elias A Elias [and] Edward E. Elias |
| 260 ## - PUBLICATION, DISTRIBUTION, ETC. (IMPRINT) | |
| Name of publisher, distributor, etc | Star Publications |
| Date of publication, distribution, etc | 2010 |
| Place of publication, distribution, etc | New Delhi |
| 270 ## - ADDRESS | |
| Address | 4/5, Asaf Ali Road |
| City | New Delhi |
| Postal code | 110002 |
| 300 ## - PHYSICAL DESCRIPTION | |
| Extent | vp. |
| Dimensions | 22cm(Hb) |
| 942 ## - ADDED ENTRY ELEMENTS (KOHA) | |
| Source of classification or shelving scheme | Dewey Decimal Classification |
| Item type | Reference Books |
| Call number suffix | ELI |
| Classification part | 492.7 |
| Withdrawn status | Lost status | Not for loan | Collection code | Home library | Current library | Date acquired | Source of acquisition | Cost, normal purchase price | Full call number | Barcode | Copy number | Cost, replacement price | Koha item type | Public note |
|---|---|---|---|---|---|---|---|---|---|---|---|---|---|---|
| Not For Loan | Non-fiction | Central Library | Central Library | 08/07/2021 | Gift/Eng/07-07-2021 | 495.00 | 492.7 ELI | B-740592 | 1 | 495.00 | Reference Books | Gift |
